00241 a2200121 4500001000700000020000600007040001100013100002400024240002900048245002400077362000900101440000900110173896 a  cMagnum aAlbergaria, Lino de10aA praia dos duendeslpor10aA praia dos duendes0 a1899 1aLè‚